000 00562nam a2200181 a 4500
005 20140412111312.0
008 000830s19uu xx 00 eng d
020 _a0-7835-9117-9
050 _aREF 030
_bT55 1997
245 _aTime Warner discoveries :
_bvolcanoes and earthquakes /
_cconsulting editor Dr. Eldrigde M. moores.
260 _aHong Kong :
_bTime Warner Books,
_c1997.
300 _a64 p.
440 _aTime Warner Discoveries Library
500 _aIncludes glossary and index
650 _aVolcanoes
650 _aEarthquakes
999 _c104069
_d104069